000 00490cam a2200181 4500
001 D14140
008 090401t1904 xxu||||| |||| 00| 0 eng d
035 _a(Sirsi) u13649
041 _aeng
100 _aUsill, George Wm
245 _aPractical surveying: a textbook for students preparing for examinations and for survey work in the colonies
250 _a8th
260 _aLondon
_bCrosby Lockwood
_c1904
350 _a0
520 _aShelf 136
942 _n0
948 _c04/03/1997
999 _c87125
_d87125